Normal view
MARC view
Entry Topical Term
001 - CONTROL NUMBER
- control field: 4991
003 - CONTROL NUMBER IDENTIFIER
- control field: HDC
005 - DATE AND TIME OF LATEST TRANSACTION
- control field: 20230624073209.0
008 - FIXED-LENGTH DATA ELEMENTS
- fixed length control field: 210117|| aca||aabn | a|a d
040 ## - CATALOGING SOURCE
- Original cataloging agency: HDC
- Transcribing agency: HDC
150 ## - HEADING--TOPICAL TERM
- Topical term or geographic name entry element: Strategic Management
670 ## - SOURCE DATA FOUND
- Source citation: Work cat.: (HDC): LIM, Kuang Long author 4989, The Facilitation At Pre-Internationalisation Stage: A Study Of Malaysian Foodservice Firms / by , [no year]
